000 00408nam a22001697a 4500
003 NUST - PNEC
005 20170116181145.0
008 151012b xxu||||| |||| 00| 0 eng d
020 _a8185054983
040 _cLIBRARY
082 _a954.0350 DAT
100 _914937
_aDatta, V. N.
245 _aMaulana Azad
_cV. N. Datta
260 _cc1990.
650 _914938
_aStatesmen
_xGeneral
942 _2ddc
_cBK
999 _c70666
_d70666